Rideout's principles of labour law / (Record no. 3580)

MARC details
000 -LEADER
fixed length control field 01289nam a2200373 a 4500
001 - CONTROL NUMBER
control field 2362560
003 - CONTROL NUMBER IDENTIFIER
control field OSt
005 - DATE AND TIME OF LATEST TRANSACTION
control field 20230704090008.0
008 - FIXED-LENGTH DATA ELEMENTS--GENERAL INFORMATION
fixed length control field 840802s1983 enk b 001 0 eng
010 ## - LIBRARY OF CONGRESS CONTROL NUMBER
LC control number 83219031
020 ## - INTERNATIONAL STANDARD BOOK NUMBER
International Standard Book Number 0421296100
020 ## - INTERNATIONAL STANDARD BOOK NUMBER
International Standard Book Number 0421296208 (pbk.)
040 ## - CATALOGING SOURCE
Original cataloging agency DLC
Transcribing agency DLC
Modifying agency DLC
043 ## - GEOGRAPHIC AREA CODE
Geographic area code e-uk---
050 00 - LIBRARY OF CONGRESS CALL NUMBER
Classification number KD3009
Item number .R5 1983
082 00 - DEWEY DECIMAL CLASSIFICATION NUMBER
Classification number 344.41/01
-- 344.1041
Edition number 19
Item number RID
100 1# - MAIN ENTRY--PERSONAL NAME
Personal name Rideout, Roger W.
245 10 - TITLE STATEMENT
Title Rideout's principles of labour law /
Statement of responsibility, etc. by Roger W. Rideout, with Jacqueline C. Dyson.
250 ## - EDITION STATEMENT
Edition statement 3rd ed.
260 ## - PUBLICATION, DISTRIBUTION, ETC. (IMPRINT)
Place of publication, distribution, etc. London :
Name of publisher, distributor, etc. Sweet & Maxwell,
Date of publication, distribution, etc. 1979
300 ## - PHYSICAL DESCRIPTION
Extent 464p
Dimensions 26 cm.
500 ## - GENERAL NOTE
General note Rev. ed. of: Principles of labour law. 3rd ed. 1979.
500 ## - GENERAL NOTE
General note "Table of cases": p. xvii-lxi.
500 ## - GENERAL NOTE
General note "Table of Social Security Commissioners' decisions": p. lxiii-lxiv.
500 ## - GENERAL NOTE
General note "Table of statutes": p. lxv-lxxiii.
500 ## - GENERAL NOTE
General note "Table of statutory instruments" p. lxxv-lxxvi.
504 ## - BIBLIOGRAPHY, ETC. NOTE
Bibliography, etc Includes bibliographical references and index.
650 #0 - SUBJECT ADDED ENTRY--TOPICAL TERM
Topical term or geographic name as entry element Labor laws and legislation
Geographic subdivision Great Britain.
700 1# - ADDED ENTRY--PERSONAL NAME
Personal name Dyson, Jacqueline C.
700 1# - ADDED ENTRY--PERSONAL NAME
Personal name Rideout, Roger W.
Title of a work Principles of labour law.
740 0# - ADDED ENTRY--UNCONTROLLED RELATED/ANALYTICAL TITLE
Uncontrolled related/analytical title Principles of labour law.
906 ## - LOCAL DATA ELEMENT F, LDF (RLIN)
a 7
b cbc
c orignew
d 3
e ncip
f 19
g y-gencatlg
942 ## - ADDED ENTRY ELEMENTS (KOHA)
Source of classification or shelving scheme Dewey Decimal Classification
Koha item type Books
Holdings
Withdrawn status Lost status Source of classification or shelving scheme Damaged status Not for loan Home library Current library Date acquired Total Checkouts Full call number Barcode Date last seen Price effective from Koha item type
    Dewey Decimal Classification     County Hall Archives County Hall Archives 07/04/2023   344.41/01 RID 10001194 07/04/2023 07/04/2023 Books
LIBRARY OPENING HOURS

When the Parliament is sitting: 8.00a.m - 7.00p.m or until the house adjourns
Mondays and Fridays and when the House is on Recess:  8.00a.m - 5.00p.m
Closed on Weekends and Public Holidays

Online Public Access Catalog (OPAC)
Website: http://www.parliament.go.ke
Bunge Library: https://libraryir.parliament.go.ke
Contact: library@parliament.go.ke | Tel no: (254-2)2221291 or 2848000 Ext 5043